Chromatyczne postacie w Brawl stars, które zmieniły rzadkość - Statystyki

Ogólne statystyki
  • Ten quiz został rozwiązany 34 razy
  • Średni wynik to 11 z 21
Statystyki odpowiedzi
Rzadkość Postać % Poprawnych
Legendarny Surge
96%
Epicki Gale
93%
Epicki Colette
67%
Legendarny Cordelius
67%
Mityczny Kieł
59%
Epicki Mandy
59%
Epicki Belle
56%
Mityczny Charlie
56%
Mityczny Janet
56%
Mityczny Lou
56%
Epicki Sam
56%
Epicki Maisie
52%
Mityczny Ruffs
52%
Epicki Ash
44%
Epicki Lola
44%
Mityczny Otis
44%
Mityczny Buzz
41%
Epicki Pearl
41%
Mityczny Buster
37%
Mityczny R-T
30%
Mityczny Eve
22%
Nie znaleziono quizów pasujących do podanych kryteriów
Rozkład punktacji
Procent ludzi z każdym wynikiem
Percentyl według liczby udzielonych odpowiedzi
Twoja historia wyników
Nie rozwiązałeś tego quizu